[Event "2007 WA Championship"]
[Site "Legacy House"]
[Date "2007.08.05"]
[Round "1"]
[White "Cuellar, Chris"]
[Black "Lakner, Jay"]
[Result "0-1"]
[WhiteElo "1535"]
[BlackElo "2024"]

1. e4 e6 2. d4 d5 3. Nc3 Nf6 4. Bg5 Be7 5. Bxf6 Bxf6 6. Nf3 O-O 7. Be2 b6 
8. O-O Bb7 9. e5 Be7 10. Qd2 c5 11. Nd1 cxd4 12. Nxd4 Nc6 13. Nxc6 Bxc6 
14. f4 f6 15. Bg4 f5 16. Bf3 Rc8 17. c3 Kh8 18. a4 Rc7 19. Kh1 a5 20. Ne3 
Qd7 21. g4 fxg4 22. Bxg4 d4+ 23. Ng2 dxc3 24. Qxd7 Bxd7 25. Rac1 Rfc8 
26. bxc3 Rxc3 27. Rcd1 Bxa4 28. Bxe6 Bxd1 29. Bxc8 Be2 30. Re1 Rxc8 31.
Rxe2 Rc1+ 32. Re1 Rxe1+ 33. Nxe1 b5 34. Nc2 b4 35. Nd4 a4 36. Nc6 b3 0-1

[Event "2007 WA Championship"]
[Site "Legacy House"]
[Date "2007.08.05"]
[Round "1"]
[White "Williams, Veronica"]
[Black "Holland, Dennis"]
[Result "0-1"]
[WhiteElo "849"]
[BlackElo "1786"]

1. e4 c5 2. Nf3 d6 3. Nc3 Nf6 4. b3 Nc6 5. Bb5 Bd7 6. d4 cxd4 7. Nxd4 Qa5 
8. Qd2 g6 9. Nxc6 bxc6 10. Bd3 Bh6 11. Qxh6 Qxc3+ 12. Qd2 Qxa1 13. a4 Rb8 
14. O-O O-O 15. Qe2 Qe5 16. f4 Qh5 17. Qxh5 Nxh5 18. Be3 c5 19. h3 Bc6 
20. Re1 Ng3 21. Bf2 Nh5 22. Be3 Nf6 23. Bd2 Nd7 24. Kf2 Nb6 25. Kf3
c4 26. bxc4 Nxa4 27. Ra1 Rb7 28. g4 Nc5 29. Be3 Nxd3 30. cxd3 Rfb8 0-1

[Event "2007 WA Championship"]
[Site "Legacy House"]
[Date "2007.08.05"]
[Round "1"]
[White "Hare, Tim"]
[Black "Pavlovic, Michael"]
[Result "1-0"]
[WhiteElo "2038"]
[BlackElo "1604"]

1. g3 Nf6 2. Bg2 g6 3. c4 d6 4. Nc3 Bg7 5. d3 e5 6. Rb1 O-O 7. b4 a6 
8. a4 Nc6 9. Nf3 Bf5 10. Nh4 Be6 11. b5 axb5 12. axb5 Na5 13. e4 Qd7 
14. O-O b6 15. f4 exf4 16. gxf4 Bh3 17. f5 Bxg2 18. Kxg2 Nh5 19. Nd5 Nf6 
20. Kh1 Nxd5 21. cxd5 Qe7 22. Qg4 Bf6 23. fxg6 fxg6 24. Nf5 Qd8 25. Bh6 Kh8 
26. Bxf8 Qxf8 27. Nd4 Qe7 28. Ne6 Nb7 29. d4 Nd8 30. e5 dxe5 31. dxe5 Nxe6 
32. exf6 1-0

[Event "2007 WA Championship"]
[Site "Legacy House"]
[Date "2007.08.05"]
[Round "1"]
[White "Williams, Verity"]
[Black "Dunlop, Gordon"]
[Result "0-1"]
[WhiteElo "996"]
[BlackElo "1857"]

1. d4 d5 2. c4 e6 3. Nc3 Nf6 4. e3 c5 5. Nf3 Nbd7 6. Be2 Be7 7. O-O O-O 
8. b3 b6 9. Bb2 Bb7 10. h3 Rc8 11. Rc1 a6 12. Rc2 Qc7 13. Qc1 dxc4 
14. bxc4 Ne4 15. Rd1 Ndf6 16. Ne5 Nxc3 17. Bxc3 Ne4 18. Bf3 f6 19. Bxe4 Bxe4 
20. Nd3 cxd4 21. Bxd4 e5 22. Bb2 Rfd8 23. Rc3 Qb7 24. Ne1 Rxd1 25. Qxd1 Bb4 
26. Rc1 Bxe1 27. Qxe1 Bxg2 28. Kh2 Qf3 0-1

[Event "2007 WA Championship"]
[Site "Legacy House"]
[Date "2007.08.05"]
[Round "1"]
[White "Vlietstra, Marc"]
[Black "Oswald, Franz"]
[Result "0-1"]
[WhiteElo "1929"]
[BlackElo "1417"]

1. e4 c6 2. d4 d5 3. Nc3 dxe4 4. Nxe4 Nd7 5. Bc4 e6 6. Nf3 Ngf6 7. Neg5 Nb6 
8. Bb3 h6 9. Nxf7 Kxf7 10. Ne5+ Ke8 11. Qd3 Qc7 12. Qg6+ Ke7 13. Bf4 Bd7 
14. Nxc6+ Qxc6 15. O-O-O Be8 16. Qd3 Qe4 17. Qd2 Nbd5 18. Bg3 Kf7 19. f3 Qe3 
20. Rhe1 Qxd2+ 21. Kxd2 Be7 22. c4 Bb4+ 23. Kd3 Bxe1 24. cxd5 Bxg3 
25. dxe6+ Ke7 26. hxg3 Bc6 27. Rc1 Rac8 28. Rc5 Rhd8 29. g4 Nd5 30. Ke4 Nf6+ 
31. Ke5 b6 32. Rc3 Rc7 33. Kf5 Nd5 34. Rd3 Bb5 35. Rd2 Bc4 36. Ba4 b5
37. Bc2 Ne3+ 38. Ke5 Nxc2 39. Rxc2 Rdc8 0-1

[Event "2007 WA Championship"]
[Site "Legacy House"]
[Date "2007.08.05"]
[Round "1"]
[White "Bailye, Ron"]
[Black "Jahangirian, Mohammad"]
[Result "0-1"]
[WhiteElo "1112"]
[BlackElo "1665"]

1. e4 c5 2. Nf3 d6 3. d4 cxd4 4. Nxd4 Nf6 5. Nc3 a6 6. a4 e6 7. b3 Be7 
8. Bg5 O-O 9. Bd3 Qc7 10. Qd2 Nbd7 11. O-O Qc5 12. Rac1 Qxd4 13. Ne2 Qc5 
14. Be3 Qc7 15. Ng3 h5 16. Qd1 g6 17. f4 Ng4 18. Bd2 Qc5+ 19. Kh1 Nf2+ 
20. Rxf2 Qxf2 21. Be1 Qxf4 22. Ne2 Qf1+ 23. Ng1 Qf6 24. c4 e5 25. Bd2 Nc5
26. Bc2 Bg4 27. Qe1 h4 28. h3 Bh5 29. b4 Ne6 30. g4 hxg3 31. Qxg3 Qh4 
32. Qxh4 Bxh4 33. Be1 Bg5 34. Rb1 Nd4 35. Bd1 Bxd1 36. Rxd1 Kg7 37. Rd3 Rac8 
38. c5 dxc5 39. bxc5 Be7 40. Bg3 Rxc5 41. Bf2 Bf6 42. Rd2 Rc1 43. Kg2 Rfc8 
44. Nf3 Nxf3 45. Kxf3 R8c3+ 46. Kg2 R1c2 47. Rd1 Bh4 48. Rf1 Rxf2+ 
49. Rxf2 Bxf2 50. Kxf2 Rxh3 0-1

[Event "2007 WA Championship"]
[Site "Legacy House"]
[Date "2007.08.05"]
[Round "1"]
[White "Haselgrove, Miles"]
[Black "Balaji, Shyam"]
[Result "1-0"]
[WhiteElo "1864"]
[BlackElo "1274"]

1. e4 c5 2. Nf3 d6 3. c3 Nf6 4. Be2 Nbd7 5. d3 g6 6. O-O Bg7 7. Be3 b6 
8. h3 Bb7 9. Nbd2 O-O 10. a4 a6 11. Qb1 d5 12. e5 Ne8 13. d4 e6 14. a5 cxd4 
15. cxd4 b5 16. Ne1 f6 17. f4 fxe5 18. dxe5 Rc8 19. Nd3 Bh6 20. Nf3 Qe7 
21. Bd2 Rf7 22. g4 Qd8 23. Nd4 Nc7 24. Qe1 Qe8 25. h4 Bf8 26. Rc1 Nb8 
27. Be3 Nc6 28. Nxc6 Bxc6 29. Kh2 Be7 30. h5 Bb7 31. Bd4 Qf8 32. g5 Na8 
33. Bg4 Rxc1 34. Qxc1 Qc8 35. Qe3 Bxg5 36. Rc1 Nc7 37. fxg5 Qf8 38. Qh3 Bc8 
39. Bb6 Qd8 40. Bxc7 Rxc7 41. Bxe6+ Bxe6 42. Qxe6+ Kf8 43. Rf1+ Kg7 
44. Qf6+ Qxf6 45. gxf6+ Kf7 46. hxg6+ hxg6 47. Rc1 Ra7 48. Nf4 d4 
49. Rd1 g5 50. Kg3 gxf4+ 51. Kxf4 Rd7 52. Ke4 Ra7 53. Rxd4 Ke6 54. Rd6+ Kf7 
55. Kf5 1-0

[Event "2007 WA Championship"]
[Site "Legacy House"]
[Date "2007.08.05"]
[Round "1"]
[White "Boni, Christopher"]
[Black "Fedec, John"]
[Result "1/2-1/2"]
[WhiteElo "1288"]
[BlackElo "1865"]

1. d4 d5 2. c4 c6 3. cxd5 cxd5 4. Nc3 Nf6 5. Bg5 Ne4 6. Nxe4 dxe4 7. Rc1 Be6 
8. Qa4+ Bd7 9. Qc4 Na6 10. Qb3 Rb8 11. Nh3 f6 12. Bf4 e5 13. Bd2 exd4 
14. Nf4 Nc5 15. Qd5 Qe7 16. Qxd4 Rc8 17. e3 Qe5 18. Qxe5+ fxe5 19. Nd5 Bd6 
20. Be2 O-O 21. O-O Be6 22. Nc3 a6 23. Rcd1 Be7 24. Bc1 Rfd8 25. h3 b5 
26. b4 Nd3 27. Nxe4 Nxc1 28. Rxc1 Bxb4 29. a3 Bxa3 30. Ra1 b4 31. Bxa6 Rc2 
32. Rfd1 Rxd1+ 33. Rxd1 Rc1 34. Rxc1 Bxc1 35. Nc5 Ba2 36. Bd3 Kh8 
37. Bc2 Bc4 38. Bb3 Bb5 39. Kh2 g6 40. Kg3 Kg7 41. Kf3 Bc6+ 42. e4 Bb5 
43. Ne6+ Kf6 44. Nc7 Bc6 45. Nd5+ Bxd5 46. exd5 Ke7 47. Ke4 Kd6 48. f3 Bf4 
49. g4 Bg5 50. Kd3 Bf6 51. Kc4 e4 52. fxe4 Ke5 53. Kxb4 Kxe4 54. d6 Kf4 
55. Kc5 g5 56. Kc6 Kg3 57. d7 Kxh3 58. Bd1 Kg3 59. Kc7 Kf4 60. d8=Q Bxd8+ 
61. Kxd8 h5 62. gxh5 g4 63. Bxg4 Kg5 64. Ke8 1/2-1/2

[Event "2007 WA Championship"]
[Site "Legacy House"]
[Date "2007.08.05"]
[Round "1"]
[White "Sheridan, Wallace"]
[Black "Boyd, Tristan"]
[Result "0-1"]
[WhiteElo "1621"]
[BlackElo "2246"]

1. d4 Nf6 2. Nf3 g6 3. Bg5 Bg7 4. Nbd2 O-O 5. e3 d6 6. Be2 Qe8 7. O-O e5 8.
c3 h6 9. Bxf6 Bxf6 10. a4 Bg7 11. b4 Nd7 12. a5 a6 13. b5 axb5 14. Bxb5 e4
15. Ne1 f5 16. Qb3+ Kh8 17. Nc2 g5 18. f3 c6 19. Be2 d5 20. c4 Nf6 21. cxd5
cxd5 22. Nb4 Be6 23. a6 bxa6 24. Nxa6 Qe7 25. Nc5 Rab8 26. Qa2 Bg8 27. Rfb1
exf3 28. Nxf3 Qxe3+ 29. Kh1 Rxb1+ 30. Rxb1 Ne4 31. Nxe4 dxe4 32. Ng1 Bxa2
0-1

[Event "2007 WA Championship"]
[Site "Legacy House"]
[Date "2007.08.05"]
[Round "1"]
[White "Sam, Ryan"]
[Black "Ellis, David"]
[Result "0-1"]
[WhiteElo "1440"]
[BlackElo "1956"]

1. e4 e6 2. d4 d5 3. Nc3 Bb4 4. exd5 exd5 5. Be3 Bf5 6. Bd3 Qd7 7. Nf3 Nc6
8. Qd2 Nf6 9. O-O-O Ne4 10. Bxe4 Bxe4 11. Rde1 Bxf3 12. gxf3 O-O-O 13. Qd3
Rde8 14. Rhg1 g6 15. Bf4 Bxc3 16. Qxc3 Rxe1+ 17. Rxe1 Re8 18. Re3 Re6 19.
Qc5 b6 20. Qf8+ Kb7 21. c3 h5 22. Qg7 a5 23. Be5 a4 24. Qh7 Na5 25. f4 Nc4
26. Re2 Nd6 27. Kd1 Nf5 28. Re1 Qe8 29. Rg1 Re7 30. Qh8 Qb5 31. Kc1 Qc4 32.
a3 Qe2 33. Qd8 Qb5 34. Kb1 Qc6 35. Rg5 Re8 36. Qf6 Qxf6 37. Bxf6 Re1+ 38.
Ka2 Re2 39. Rg2 Ne3 40. Rg3 Nc4 41. Rg5 Rxb2+ 42. Ka1 Rb3 43. Rxd5 Rxa3+
44. Kb1 Rxc3 45. Rg5 a3 46. Rg1 Rd3 47. Rc1 b5 48. Be7 Kc6 49. Ka2 Kd5 50.
Bc5 Rd2+ 51. Ka1 Rxf2 52. Rb1 c6 53. Re1 Rxf4 54. Ka2 Rf2+ 55. Ka1 Rf4 
56.Re8 Rf1+ 57.Ka2 Rf2+ 58.Ka1 Rxh2 59.Rf8 Rh1+ 60.Ka2 Rf1 61.Kb3 Rf3+ 
62.Ka2 h4 63.Rh8 h3 64.Rh4 Rf2+ 65.Ka1 h2 66.Kb1 Nd2+ 67.Ka1 Nb3+ 68.Kb1 
a2# 0-1

[Event "2007 WA Championship"]
[Site "Legacy House"]
[Date "2007.08.05"]
[Round "1"]
[White "Saxon, Marc"]
[Black "Williams, William"]
[Result "1-0"]
[WhiteElo "1857"]
[BlackElo "936"]

1. d4 d5 2. e3 c6 3. Bd3 Nf6 4. Nd2 Nbd7 5. f4 e6 6. Ngf3 c5 7. c3 Be7 8.
O-O Qc7 9. Ne5 O-O 10. g4 Ne8 11. g5 f6 12. Qh5 f5 13. Rf3 Nxe5 14. fxe5 g6
15. Qh4 Qd8 16. Rg3 c4 17. Be2 Ng7 18. Nf1 f4 19. Rh3 Bxg5 20. Qxh7+ Kf7
21. exf4 Be7 22. Rg3 g5 23. Bh5# 1-0

[Event "2007 WA Championship"]
[Site "Legacy House"]
[Date "2007.08.12"]
[Round "2"]
[White "Oswald, Franz"]
[Black "Johnstone, Ray"]
[Result "1-0"]
[WhiteElo "1417"]
[BlackElo "1699"]

1. d4 d5 2. c4 e5 3. dxe5 d4 4. Nf3 c5 5. e3 Nc6 6. exd4 cxd4 7. a3 a5 8. Bd3
Bc5 9. Bg5 f6 10. exf6 Nxf6 11. Qe2+ Kf7 12. O-O Re8 13. Qc2 Qd6 14. Nbd2 Bg4
15. Bxf6 Bxf3 16. Nxf3 Qxf6 17. Rae1 g6 18. Qd2 Kg7 19. Re2 Rxe2 20. Qxe2 Rf8
21. Re1 Rf7 22. Qe6 Re7 23. Qxf6+ Kxf6 24. Rxe7 Bxe7 25. Kf1 Ke6 26. Be4 Bf6 
27. Ke2 Kd6 28. Kd3 Kc5 29. Bd5 a4 30. h4 b5 31. cxb5 Nb4+ 32. axb4+ Kxd5 
33. g3 h6 34. Nd2 Be7 35. b6 Bxb4 36. Nc4 Kc6 37. f4 Be1 38. Ne5+ Kxb6 39.
Nxg6 Bxg3 40. f5 Bd6 41. f6 a3 42. bxa3 Bxa3 43. f7 Kc6 44. Kxd4 Kd7 45. Ke5
Bb2+ 46. Kf5 Bg7 47. f8=Q Bxf8 48. Nxf8+ Ke7 49. Nh7 Kf7 50. Nf6 Kg7 51. h5 Kf7
52. Ng4 Kg7 53. Ke6 Kh7 54. Kf6 Kh8 55. Kg6 Kg8 56. Kxh6 Kh8 57. Ne5 Kg8 58.
Kg6 Kh8 59. h6 Kg8 60. h7+ Kh8 61. Nf7# 1-0

[Event "2007 WA Championship"]
[Site "Legacy House"]
[Date "2007.08.12"]
[Round "2"]
[White "Lakner, Jay"]
[Black "Shaw, Robin"]
[Result "1-0"]
[WhiteElo "2024"]
[BlackElo "1770"]

1. e4 g6 2. d4 Bg7 3. Bc4 e6 4. Nc3 Nc6 5. Be3 Nge7 6. Nf3 d5 7. exd5 exd5 
8. Bb3 Na5 9. Qd2 Nxb3 10. axb3 Nf5 11. Bg5 f6 12. Bf4 Qe7+ 13. Kd1 c6 14. Re1
Be6 15. Na4 b6 16. Nxb6 Rd8 17. Na4 Nd6 18. Bxd6 Rxd6 19. Nc5 Kf7 20. Qf4 h6
21. Ne5+ Kg8 22. Nxg6 1-0

[Event "2007 WA Championship"]
[Site "Legacy House"]
[Date "2007.08.19"]
[Round "3"]
[White "Johnstone, Ray"]
[Black "DeHeer, Alex"]
[Result "1-0"]
[WhiteElo "1699"]
[BlackElo "1475"]

1. e4 e5 2. Nf3 Nc6 3. Bc4 Bc5 4. O-O d6 5. b4 Bxb4 6. c3 Bc5 7. d4 exd4 8.
cxd4 Qf6 9. Bg5 Qg6 10. dxc5 Bg4 11. cxd6 Bxf3 12. d7+ Kf8 13. Qxf3 Ne5 14.
Qa3+ Qd6 15. Qxd6+ cxd6 16. d8=Q+ Rxd8 17. Bxd8 Nxc4 18. Rc1 b5 19. a4 a6 20.
axb5 axb5 21. Ra8 f6 22. Bxf6+ Kf7 23. Bd4 Ne5 24. Bxe5 dxe5 25. Nc3 h5 26.
Nxb5 1-0

[Event "2007 WA Championship"]
[Site "Legacy House"]
[Date "2007.08.19"]
[Round "3"]
[White "Hardegen, Andrew"]
[Black "Boyd, Tristan"]
[Result "0-1"]
[WhiteElo "2264"]
[BlackElo "1978"]

1. d4 Nf6 2. c4 g6 3. Nc3 Bg7 4. e4 d6 5. Nf3 O-O 6. Be2 e5 7. O-O Na6 8.Be3 
Ng4 9. Bg5 Qe8 10. d5 f5 11. Ne1 Nf6 12. f3 h6 13. Be3 f4 14. Bf2 h5 15.Nd3 g5 
16. Nb5 g4 17. a4 Qg6 18. Bh4 gxf3 19. Bxf3 Ng4 20. Bf2 c6 21. Nxa7 Bd7 22.Qe1 
Bh6 23. b4 Ne3 24. Bxe3 fxe3 25. dxc6 bxc6 26. Nxc6 Bxc6 27. Qh4 e2 28. Bxe2 Bxe4
29. Qh3 Bf5 30. Bxh5 Qg5 31. g4 Qe3+ 32. Qxe3 Bxe3+ 33. Nf2 Bd3 34. Kg2 Bxf1+ 
35. Rxf1 Rxf2+ 36. Rxf2 Bxf2 37. Kxf2 Nxb4 38. h4 Nd3+ 39. Ke3 Nf4 0-1

[Event "2007 WA Championship"]
[Site "Legacy House"]
[Date "2007.08.19"]
[Round "3"]
[White "Hare, Tim"]
[Black "Oswald, Franz"]
[Result "1-0"]
[WhiteElo "2038"]
[BlackElo "1417"]
 
1. Nf3 d5 2. g3 Nf6 3. Bg2 e6 4. O-O b6 5. d3 Be7 6. Nbd2 Bb7 7. b3 c5 8. Bb2 
Nbd7 9. a4 a5 10. e4 Qc7 11. e5 Ng4 12. Re1 Rb8 13. h3 Nh6 14. Nf1 d4 15. N1d2 O-O 
16. c3 dxc3 17. Bxc3 Nf5 18. Rc1 Rbc8 19. Ne4 Nb8 20. g4 Nh4 21. Nxh4 Bxe4 22. Rxe4
Bxh4 23. f4 Be7 24. f5 exf5 25. gxf5 Bg5 26. Rc2 Qd7 27. Qg4 Qxd3 28. Qxg5 Qxc2 
29. f6 1-0

[Event "2007 WA Championship"]
[Site "Legacy House"]
[Date "2007.08.19"]
[Round "3"]
[White "Fedec, John"]
[Black "Ellis, David"]
[Result "0-1"]
[WhiteElo "1865"]
[BlackElo "1956"]
 
1. e4 e6 2. d4 d5 3. Nc3 Bb4 4. e5 c5 5. Bd2 cxd4 6. Nb5 Bf8 7. Qg4 Nc6 8. Nf3 h5
9. Qg3 h4 10. Qg4 Nh6 11. Qxh4 Qxh4 12. Nxh4 Ng4 13. Nf3 Kd7 14. Nbxd4 Ngxe5 
15. Bb5 Nxf3+ 16. Nxf3 Bd6 17. O-O-O a6 18. Ba4 b5 19. Bb3 f6 20. Rhe1 Kc7 
21. g3  Bd7 22. h4 a5 23. a3 Rhb8 24. Bf4 e5 25. Bd2 Ne7 26. Ng1 Bc6 27. Kb1 a4 
28. Ba2 b4 29. axb4 Bxb4 30. Nf3 Bc5 31. Be3 d4 32. Nxd4 exd4 33. Bf4+ Kd8 34. Bxb8
Rxb8 35. c3 a3 36. b3 Nd5 37. Rd3 Nxc3+ 38. Ka1 Kc7 39. g4 Bd5 40. Rc1 Kc6 41. b4
Bxa2 42. bxc5 Kxc5 43. Rdxc3+ dxc3 44. Rxc3+ Kb4 45. Rc1 Bb3 46. g5 fxg5 47.hxg5 Rf8
48. g6 Rxf2 0-1

[Event "2007 WA Championship"]
[Site "Legacy House"]
[Date "2007.08.19"]
[Round "3"]
[White "Haselgrove, Miles"]
[Black "Bwalya, Ricky"]
[Result "0-1"]
[WhiteElo "1864"]
[BlackElo "1637"]
 
1. e4 e6 2. d4 d5 3. e5 c5 4. c3 Nc6 5. Nf3 Qb6 6. a3 cxd4 7. cxd4 Nge7 8.
Bd3 Bd7 9. Bc2 Nf5 10. Bxf5 exf5 11. Nc3 Be6 12. O-O Be7 13. b4 Qd8 14. Ne1
Rc8 15. Qd3 g5 16. f4 g4 17. Nc2 Qd7 18. Ne3 Bd8 19. Bb2 h5 20. Na4 b6 21.
Rfc1 Ne7 22. Nc3 Ng6 23. g3 h4 24. Nb5 Rxc1+ 25. Rxc1 Kf8 26. Kg2 Kg7 27.
a4 Rh5 28. Qc2 Qe7 29. Nd6 Qd7 30. Qd3 Be7 31. Nb5 Qd8 32. Qc3 Qh8 33. Nf1
hxg3 34. hxg3 Rh1 35. Qd2 Qh3+ 36. Kf2 Bh4 37. Qe3 Be7 38. Ba3 Nh4 39. Ke2
Qg2+ 40. Qf2 Qe4+ 41. Qe3 Qxe3+ 42. Nxe3 Rh2+ 43. Kd3 Nf3 44. Kc3 Re2 45.
Nf1 Bd7 46. Nc7 Bxa4 47. Nxd5 Bf8 48. Ra1 b5 49. Nde3 Be7 50. Nxf5+ Kf8 51.
N1e3 f6 52. Nxe7 Rxe3+ 0-1

[Event "2007 WA Championship"]
[Site "Legacy House"]
[Date "2007.08.19"]
[Round "3"]
[White "Saxon, Marc"]
[Black "Whitehead, Paul"]
[Result "1-0"]
[WhiteElo "1857"]
[BlackElo "1644"]
 
1. e4 c5 2. Nf3 Nc6 3. d4 cxd4 4. Nxd4 g6 5. Be3 Nf6 6. Nc3 Bg7 7. Bc4 Qa5
8. O-O O-O 9. f4 d6 10. Qf3 Ng4 11. Nde2 Nxe3 12. Qxe3 Bg4 13. Rfd1 Rfd8
14. h3 Bxe2 15. Nxe2 e6 16. c3 b5 17. Bb3 Rac8 18. Rd3 b4 19. Rad1 bxc3 20.
bxc3 Bf8 21. Kh1 Nb8 22. f5 Qe5 23. fxe6 fxe6 24. Nd4 Re8 25. Qf3 Na6 26.
Nxe6 Rxe6 27. Rf1 Nc5 28. Rd5 Qxe4 29. Qf7+ Kh8 30. Rxc5 Rce8 31. Bxe6 Qxe6
32. Qxe6 Rxe6 33. Rc8 1-0

[Event "2007 WA Championship"]
[Site "Legacy House"]
[Date "2007.08.19"]
[Round "3"]
[White "Sam, Ryan"]
[Black "Dunlop, Gordon"]
[Result "1/2-1/2"]
[WhiteElo "1440"]
[BlackElo "1857"]
 
1. e4 c5 2. Nf3 d6 3. Nc3 Nc6 4. Bc4 g6 5. d3 Bg7 6. Bf4 a6 7. O-O Nf6 8. Rb1 b5
9. Bd5 Bb7 10. Re1 O-O 11. Qd2 b4 12. Ne2 e5 13. Bg5 Qd7 14. Bc4 Nd4 15. Nexd4 
exd4 16. c3 bxc3 17. bxc3 dxc3 18. Qxc3  Nxe4 19. Qb3 Nxg5 20. Qxb7 Nxf3+ 21. gxf3
Qh3 22. Re7 Be5 23. Bxf7+ Kh8 24. f4 Bxf4 25. Qb2+ Be5 26. Rxe5 Rab8 27. Qxb8 
Rxb8 28. Rxb8+ Kg7 29. Re7 Qg4+ 30. Kf1 Qd1+ 31. Kg2 Qg4+ 32. Kf1 Qd1+ 33. Kg2
Qg4+ 34. Kh1 Qd1+ 35. Kg2 1/2-1/2

[Event "2007 WA Championship"]
[Site "Legacy House"]
[Date "2007.08.19"]
[Round "3"]
[White "Boni, Christopher"]
[Black "Balaji, Shyam"]
[Result "1-0"]
[WhiteElo "1288"]
[BlackElo "1274"]
 
1. d4 Nf6 2. c4 g6 3. Nc3 d5 4. cxd5 Nxd5 5. e4 Nxc3 6. bxc3 Bg7 7. Be3 O-O
8. h3 c5 9. Nf3 Qa5 10. Qd2 Nc6 11. Rc1 Rd8 12. d5 Ne5 13. Nxe5 Bxe5 14. c4
Qxd2+ 15. Kxd2 Bd6 16. Be2 Bd7 17. Rb1 Rab8 18. Rb3 f5 19. exf5 Bxf5 20. g4
Bc8 21. f4 e6 22. Bf3 b6 23. Rf1 Rf8 24. Be4 Bb7 25. Rd3 exd5 26. Bxd5+
Bxd5 27. Rxd5 Rbd8 28. Kc3 Be7 29. Rfd1 Rxd5 30. Rxd5 Rd8 31. Rxd8+ Bxd8
32. Kd3 Kf7 33. Ke4 Ke6 34. a4 a6 35. f5+ gxf5+ 36. gxf5+ Kf6 37. h4 Kf7
38. Bg5 Bf6 39. Kd5 h6 40. Bxf6 Kxf6 41. Kc6 b5 42. axb5 axb5 43. Kxb5 Kxf5
44. Kxc5 Ke5 45. Kc6 Ke6 46. Kc7 Ke7 47. c5 h5 48. Kb7 Kd7 49. c6+ 1-0

[Event "2007 WA Championship"]
[Site "Legacy House"]
[Date "2007.08.19"]
[Round "3"]
[White "Shaw, Robin"]
[Black "Pavlovic, Michael"]
[Result "1-0"]
[WhiteElo "1770"]
[BlackElo "1604"]

1. c4 Nf6 2. Nc3 e5 3. e4 g6 4. d3 Bg7 5. Bg5 h6 6. Be3 d6 7. f3 Nc6 8. 
Nge2 Be6 9. Nd5 Bxd5 10. cxd5 Ne7 11. d4 c6 12. dxe5 dxe5 13. Nc3 O-O 
14. Bc4 cxd5 15. exd5 Qa5 16. O-O Rfd8 17. d6 Nf5 18. Bf2 Rxd6 19. Qb3 
Rd7 20. Bb5 Nd4 21. Bxd4 Rxd4 22. Bc4 Rf8 23. Rad1 Qc5 24. Rxd4 exd4 25. 
Na4 Qe7 26. Bd3 a6 27. Nb6 Kh8 28. g3 Qc5 29. Kg2 h5 30. Re1 Bh6 31. Re2 
Be3 32. Rc2 Qe5 33. Qb4 Kg7 34. a3 h4 35. gxh4 Nh5 36. Qxf8+ Kxf8 37. Nd7+ 
Kg7 38. Nxe5 Nf4+ 39. Kf1 Kf6 40. Ng4+ Ke6 41. Bc4+ 1-0

[Event "2007 WA Championship"]
[Site "Legacy House"]
[Date "2007.08.19"]
[Round "3"]
[White "Vlietstra, Marc"]
[Black "Williams, William"]
[Result "1-0"]
[WhiteElo "1929"]
[BlackElo "936"]

1. e4 c5 2. Nf3 d6 3. d4 cxd4 4. Nxd4 Nf6 5. Nc3 Nc6 6. Be2 g6 7. Be3 Bg7 
8. Qd2 e6 9. f4 d5 10. e5 Nd7 11. O-O-O Nb6 12. Ndb5 Nxe5 13. fxe5 Bxe5 
14. Bf4 Qf6 15. Bxe5 Qxe5 16. Rhe1 Qxh2 17. Bf3 Nc4 18. Qxd5 Qf4+ 19. Kb1 
O-O 20. Qd4 Qxd4 21. Rxd4 Nb6 22. Red1 a6 23. Nd6 Rb8 24. Nce4 Nd5 25. c4 
Ne3 26. Rh1 e5 27. Nf6+ Kg7 28. Nde4 h6 29. Rd3 Nxc4 30. Rc1 Nb6 31. Rd6 Na8
32. Ka1 Be6 33. Nd7 Rbc8 34. Rxc8 Rxc8 35. b3 Bxd7 36. Rxd7 Rc7 37. Rd8 Nb6 
38. Nd6 Rd7 39. Rxd7 Nxd7 40. Bxb7 Nc5 41. Be4 f5 42. Bc6 a5 43. Bd5 e4 44.
Nc4 a4 45. b4 Na6 46. b5 Nb8 47. Nb6 e3 48. Bc4 Kf6 49. Kb2 a3+ 50. Kxa3 Ke5 
51. Kb3 g5 52. a4 g4 53. Kc3 f4 54. Be2 h5 55. a5 f3 56. gxf3 g3 57. Bf1 e2 
58. Bxe2 g2 59. a6 g1=Q 60. a7 Qxb6 61. a8=Q Qc5+ 62. Bc4 Qd4+ 63. Kb3 Qe3+ 
64. Ka4 Qb6 65. Qd5+ Kf6 66. Qxh5 Qa7+ 67. Kb4 Qe7+ 68. Qc5 Qe1+ 69. Ka4 Qd1+
70. Bb3 Qa1+ 71. Kb4 1-0

[Event "2007 WA Championship"]
[Site "Legacy House"]
[Date "2007.08.19"]
[Round "3"]
[White "Bailye, Ron"]
[Black "Williams, Veronica"]
[Result "1-0"]
[WhiteElo "1112"]
[BlackElo "849"]

1. e4 e5 2. Nf3 Nc6 3. d4 exd4 4. Nxd4 Qf6 5. Nf3 d6 6. Nc3 Bg4 7. Be2 Qd8 
8. h3 Bd7 9. O-O Be7 10. Nd5 Nf6 11. Nxe7 Qxe7 12. Bd3 O-O 13. Re1 Ne5 14. 
Nxe5 Qxe5 15. c3 Rfe8 16. Qf3 Qh5 17. Qg3 Qg6 18. Qxg6 fxg6 19. f3 Re7 20. 
Bf4 Nh5 21. Bg5 Re5 22. Be3 a6 23. Kf2 Rf8 24. g3 Bxh3 25. Rg1 Bg4 26. f4 
Re7 27. c4 c5 28. Rab1 a5 29. a4 b6 30. Rh1 Bd7 31. b3 Re5 32. Kg2 Re7 33. 
Rbf1 Nf6 34. Re1 Nxe4 35. Bc1 Bc6 36. Kh2 Rfe8 37. Rhg1 Nf2 38. Rxe7 Rxe7 
39. Bf1 Bf3 40. Bg2 Bxg2 41. Kxg2 Nd3 42. Kf3 Re1 43. Rxe1 Nxe1+ 44. Ke4 
Kf7 45. Kd5 Ke7 46. Kc6 Nd3 47. Bd2 Kd8 48. Kxb6 Nb4 49. Kxa5 Kc7 50. Bxb4 
cxb4 51. Kxb4 Kb6 52. a5+ Ka6 53. Ka4 h6 54. b4 g5 55. fxg5 hxg5 56. b5+ Kb7 
57. Kb4 g4 58. Kc3 g5 59. Kd4 Kc7 60. b6+ Kc6 61. Kc3 Kb7 62. Kd3 Kc6 63. 
Ke4 1-0

[Event "2007 WA Championship"]
[Site "Legacy House"]
[Date "2007.08.26"]
[Round "4"]
[White "Ellis, David"]
[Black "Hare, Tim"]
[Result "0-1"]
[WhiteElo "1956"]
[BlackElo "2038"]

1. e4 g6 2. Nc3 Bg7 3. g3 d6 4. Bg2 c5 5. d3 Nc6 6. Be3 Rb8 7. Qd2 b5 8. f4
Bd7 9. Nge2 b4 10. Nd1 Nf6 11. h3 a5 12. O-O h6 13. d4 cxd4 14. Nxd4 e5 15.
Ne2 Bc8 16. c4 O-O 17. Nf2 Qe7 18. Rac1 Rd8 19. Rfd1 Ba6 20. Qc2 Bb7 21.
Kh2 h5 22. c5 dxc5 23. Bxc5 Qe8 24. Bb6 Rxd1 25. Qxd1 h4 26. gxh4 Ba6 27.
Bc7 exf4 28. Rxc6 Qxc6 29. Bxb8 Qb6 30. Qd6 Qxf2 31. Qxa6 f3 32. Nf4 fxg2
33. Nxg2 Nxe4 34. Qc8+ Kh7 35. Qc1 Nd2 36. h5 Bxb2 37. hxg6+ fxg6 38. Qd1
Bd4 39. Kh1 Nf1 40. Bh2 Nxh2 41. Kxh2 a4 42. h4 b3 43. axb3 Qg1+ 44. Qxg1
Bxg1+ 45. Kxg1 axb3 0-1

[Event "2007 WA Championship"]
[Site "Legacy House"]
[Date "2007.08.26"]
[Round "4"]
[White "Lakner, Jay"]
[Black "Hardegen, Andrew"]
[Result "1-0"]
[WhiteElo "2024"]
[BlackElo "1978"]

1. e4 e6 2. d4 d5 3. Nc3 Nf6 4. e5 Nfd7 5. f4 c5 6. Nf3 Nc6 7. Be3 Qb6 8.
Na4 Qa5+ 9. c3 c4 10. b4 Qc7 11. h3 h5 12. g3 Ne7 13. Bg2 Nf5 14. Bf2 g6
15. g4 Ng7 16. Qc2 Be7 17. Bh4 Qd8 18. Bxe7 Qxe7 19. Nb2 a5 20. b5 a4 21.
Nd1 Nb6 22. Rb1 Bd7 23. Rb4 a3 24. Ne3 Ra5 25. Qb1 Na4 26. Nd1 Nb6 27. Kd2
Kf8 28. Rf1 Rg8 29. Ng5 Rh8 30. Ne3 hxg4 31. hxg4 Ke8 32. Rh1 Rxh1 33. Qxh1
Rxb5 34. Rxb5 Bxb5 35. Nc2 Ba4 36. Qh6 Bxc2 37. Kxc2 f5 38. Qxg6+ Kd7 39.
Bh3 fxg4 40. Bxg4 Na8 41. f5 Nxf5 42. Bxf5 exf5 43. Qxf5+ Kc6 44. Qg6+ Kd7
45. Nh7 Qh4 46. Nf6+ Kc6 47. Qe8+ Kb6 48. Nxd5+ Ka7 49. Qa4+ Kb8 50. Qxc4
Qf2+ 51. Kb3 Qb2+ 52. Ka4 Ka7 53. e6 b5+ 54. Qxb5 Qc2+ 55. Kxa3 Qc1+ 56.
Ka4 Qc2+ 57. Qb3 1-0

[Event "2007 WA Championship"]
[Site "Legacy House"]
[Date "2007.08.26"]
[Round "4"]
[White "Holland, Dennis"]
[Black "Shaw, Robin"]
[Result "1-0"]
[WhiteElo "1786"]
[BlackElo "1770"]

1. d4 f5 2. g3 Nf6 3. Bg2 c6 4. Nh3 d6 5. O-O Qc7 6. c3 Be6 7. f3 Nbd7 8.
Nf4 Bf7 9. e4 e5 10. Nd3 g6 11. Be3 Be7 12. Qd2 Nb6 13. b3 O-O 14. Qb2 fxe4
15. fxe4 Ng4 16. Bd2 Be6 17. Rxf8+ Rxf8 18. h3 Nf6 19. Bh6 Rf7 20. dxe5
dxe5 21. c4 Nbd7 22. Nc3 Qb6+ 23. Kh2 Bf8 24. Na4 Qd4 25. Qxd4 exd4 26. Bf4
b5 27. cxb5 cxb5 28. Nab2 Nh5 29. Rc1 Ba3 30. Rc6 Nxf4 31. gxf4 Nf8 32. Nd1
Bd7 33. Ra6 Be7 34. Rxa7 Bd6 35. e5 Bf5 36. Bd5 Ne6 37. Bxe6 Bxe6 38. Rxf7
1-0

[Event "2007 WA Championship"]
[Site "Legacy House"]
[Date "2007.08.26"]
[Round "4"]
[White "Oswald, Franz"]
[Black "Saxon, Marc"]
[Result "0-1"]
[WhiteElo "1417"]
[BlackElo "1857"]

1. d4 d6 2. c4 g6 3. g3 Bg7 4. Bg2 c5 5. d5 Nd7 6. Nc3 Qa5 7. Bd2 Ngf6 8.
Nf3 O-O 9. Qc2 Ng4 10. Nb5 Qb6 11. Bc3 Nge5 12. O-O Re8 13. Nd2 Nxc4 14.
Nxc4 Qxb5 15. Bxg7 Kxg7 16. f4 Nb6 17. Ne3 c4 18. Qc3+ f6 19. Rad1 Qc5 20.
Qd4 Bd7 21. Qxc5 dxc5 22. f5 g5 23. Rc1 Bb5 24. Rfe1 Red8 25. Kf2 Rac8 26.
g4 Ba6 27. Red1 Rd6 28. Ke1 Na4 29. Rd2 b5 30. Rdc2 Nb6 31. Rd2 Bb7 32. b3
cxb3 33. axb3 c4 34. bxc4 Nxc4 35. Nxc4 Rxc4 36. Rxc4 bxc4 37. e4 Ba6 38.
Rc2 Rb6 39. Bf1 Rb4 40. Kf2 Bb5 41. Ke3 a5 42. Kf2 Kf8 43. h3 Ke8 44. Rc3
a4 45. Ke3 Rb3 46. Rxb3 axb3 0-1